Dambudzo Marechera, 4 June 1952-18 August 1987 : (Record no. 119379)
[ view plain ]
| 000 -LEADER | |
|---|---|
| fixed length control field | 00811nam a22002417a 4500 |
| 001 - CONTROL NUMBER | |
| control field | 4359276 |
| 003 - CONTROL NUMBER IDENTIFIER | |
| control field | ARRUPE |
| 005 - DATE AND TIME OF LATEST TRANSACTION | |
| control field | 20131219143948.0 |
| 008 - FIXED-LENGTH DATA ELEMENTS--GENERAL INFORMATION | |
| fixed length control field | 890627s1988 rh a 000 0 eng |
| 010 ## - LIBRARY OF CONGRESS CONTROL NUMBER | |
| LC control number | 89980033 |
| 020 ## - INTERNATIONAL STANDARD BOOK NUMBER | |
| International Standard Book Number | 079740838X |
| 040 ## - CATALOGING SOURCE | |
| Original cataloging agency | DLC |
| Transcribing agency | DLC |
| Modifying agency | DLC |
| 050 00 - LIBRARY OF CONGRESS CALL NUMBER | |
| Classification number | PR9390.9.M32.Z95 |
| 300 ## - PHYSICAL DESCRIPTION | |
| Other physical details | ill. ; |
| Dimensions | 21 x 27 cm. |
| 100 1# - MAIN ENTRY--PERSONAL NAME | |
| Personal name | Marechera, Dambudzo. |
| 9 (RLIN) | 6045 |
| 245 10 - TITLE STATEMENT | |
| Title | Dambudzo Marechera, 4 June 1952-18 August 1987 : |
| Remainder of title | pictures, poems, prose, tributes / |
| Statement of responsibility, etc | compiled and edited by Flora Veit-Wild and Ernst Schade. |
| 260 ## - PUBLICATION, DISTRIBUTION, ETC. (IMPRINT) | |
| Place of publication, distribution, etc | Harare : |
| Name of publisher, distributor, etc | Baobab Books, |
| Date of publication, distribution, etc | 1988. |
| 300 ## - PHYSICAL DESCRIPTION | |
| Extent | 36 p. : |
| 600 ## - SUBJECT ADDED ENTRY--PERSONAL NAME | |
| Personal name | Marechera, Dambudzo |
| 9 (RLIN) | 6046 |
| 700 ## - ADDED ENTRY--PERSONAL NAME | |
| Personal name | Veit-Wild, Flora (ed.) |
| 9 (RLIN) | 6048 |
| 700 ## - ADDED ENTRY--PERSONAL NAME | |
| Personal name | Schade, Ernst (ed.) |
| 9 (RLIN) | 6049 |
| 906 ## - LOCAL DATA ELEMENT F, LDF (RLIN) | |
| a | 7 |
| b | cbc |
| c | orignew |
| d | u |
| e | ncip |
| f | 19 |
| g | y-gencatlg |
| 942 ## - ADDED ENTRY ELEMENTS (KOHA) | |
| Source of classification or shelving scheme | Library of Congress Classification |
| Koha item type | Monograph ( Printed materials) |
| Withdrawn status | Lost status | Source of classification or shelving scheme | Damaged status | Not for loan | Home library | Current library | Shelving location | Date acquired | Total Checkouts | Full call number | Barcode | Date last seen | Price effective from | Koha item type |
|---|---|---|---|---|---|---|---|---|---|---|---|---|---|---|
| Library of Congress Classification | ARRUPE LIBRARY | ARRUPE LIBRARY | Main Collection | 19/12/2013 | PR9390.9.M32.Z95 | 464122591 | 19/12/2013 | 19/12/2013 | Monograph ( Printed materials) |